01405nam a2200361Ia 4500001001200000003000800012006001900020007001500039008004100054010001700095020002600112020002600138020002900164040002100193035002100214050002500235082001800260100002000278245010000298250001200398260004600410300003700456490002100493504005100514533015200565650003800717650004000755655002900795700003300824710001700857830004300874856012600917ebr10715326CaPaEBRm o u cr cn|||||||||121004s2013 enka sb 001 0 eng d z 2012031458 z1119941199 (hardback) z9781118469132 (ebook) z9781119941194 (hardback) aCaPaEBRcCaPaEBR a(OCoLC)81212234314aTL671.2b.M65 2013eb04a629.134/12231 aMoir, I.q(Ian)10aDesign and development of aircraft systemsh[electronic resource] /cIan Moir, Allan Seabridge. a2nd ed. aChichester, West Sussex :bWiley,cc2013. axxii, 312 p. :bill. (some col.)1 aAerospace series aIncludes bibliographical references and index. aElectronic reproduction.bPalo Alto, Calif. :cebrary,d2013.nAvailable via World Wide Web.nAccess may be limited to ebrary affiliated libraries. 0aAeronauticsxSystems engineering. 0aAirplanesxDesign and construction. 7aElectronic books.2local1 aSeabridge, A. G.q(Allan G.)2 aebrary, Inc. 0aAerospace series (Chichester, England)40uhttp://site.ebrary.com/lib/rucke/Doc?id=10715326zAn electronic book accessible through the World Wide Web; click to view